<?xml version="1.0" encoding="UTF-8"?>
<record
    xmlns:xsi="http://www.w3.org/2001/XMLSchema-instance"
    xsi:schemaLocation="http://www.loc.gov/MARC21/slim http://www.loc.gov/standards/marcxml/schema/MARC21slim.xsd"
    xmlns="http://www.loc.gov/MARC21/slim">

  <leader>00650nam a22001937a 4500</leader>
  <datafield tag="999" ind1=" " ind2=" ">
    <subfield code="c">7263</subfield>
    <subfield code="d">7263</subfield>
  </datafield>
  <controlfield tag="003">OSt</controlfield>
  <controlfield tag="005">20191126132634.0</controlfield>
  <controlfield tag="008">191120s2018    spc||||| |||| 00| 0bcat d</controlfield>
  <datafield tag="020" ind1=" " ind2=" ">
    <subfield code="a">9788409063864</subfield>
  </datafield>
  <datafield tag="040" ind1=" " ind2=" ">
    <subfield code="b">cat</subfield>
    <subfield code="c">CDMR</subfield>
  </datafield>
  <datafield tag="100" ind1="1" ind2=" ">
    <subfield code="9">2984</subfield>
    <subfield code="a">Vinyes Roig, Pau</subfield>
  </datafield>
  <datafield tag="245" ind1="1" ind2="0">
    <subfield code="a">Melcior Font, guerriller cultural</subfield>
    <subfield code="b">: Poeta, periodista, traductor, cineasta i secretari personal de Ventura Gassol</subfield>
    <subfield code="c">/ Pau Vinyes i Roig</subfield>
  </datafield>
  <datafield tag="260" ind1=" " ind2=" ">
    <subfield code="a">Badalona :</subfield>
    <subfield code="b">Gr&#xE0;fiques Camp&#xE0;s, SA ,</subfield>
    <subfield code="c">2018</subfield>
  </datafield>
  <datafield tag="300" ind1=" " ind2=" ">
    <subfield code="a">207 p. </subfield>
    <subfield code="c">21 cm</subfield>
  </datafield>
  <datafield tag="600" ind1="1" ind2="0">
    <subfield code="9">3861</subfield>
    <subfield code="a">Font, Melcior</subfield>
    <subfield code="x">Biografia</subfield>
  </datafield>
  <datafield tag="650" ind1=" " ind2="0">
    <subfield code="9">2273</subfield>
    <subfield code="a">Periodistes</subfield>
    <subfield code="z">Catalunya</subfield>
    <subfield code="x">Biografia</subfield>
  </datafield>
  <datafield tag="700" ind1="1" ind2=" ">
    <subfield code="9">2932</subfield>
    <subfield code="a">Torra, Quim</subfield>
  </datafield>
  <datafield tag="942" ind1=" " ind2=" ">
    <subfield code="c">MON</subfield>
    <subfield code="2">udc</subfield>
  </datafield>
  <datafield tag="952" ind1=" " ind2=" ">
    <subfield code="0">0</subfield>
    <subfield code="1">0</subfield>
    <subfield code="4">0</subfield>
    <subfield code="7">0</subfield>
    <subfield code="a">CDMR</subfield>
    <subfield code="b">CDMR</subfield>
    <subfield code="d">2019-11-20</subfield>
    <subfield code="e">Donaci&#xF3;</subfield>
    <subfield code="g">20.00</subfield>
    <subfield code="l">0</subfield>
    <subfield code="o">Du 1/144</subfield>
    <subfield code="p">CDMR19110007</subfield>
    <subfield code="r">2019-11-20</subfield>
    <subfield code="v">20.00</subfield>
    <subfield code="w">2019-11-20</subfield>
    <subfield code="y">MON</subfield>
  </datafield>
</record>
